| 000 | 00879nam a2200241Ii 4500 | ||
|---|---|---|---|
| 003 | JO-AjNU | ||
| 008 | 230605s9999||||xx |||||||||||||| ||und|| | ||
| 017 | _a2008/13356 | ||
| 020 | _a977-327-671-6 | ||
| 040 |
_aJO-AjNU _bara _erda _cJO-AjNU |
||
| 041 | _aara | ||
| 050 | 1 | 4 | _aK564.C6.B86.2009 |
| 100 | 3 |
_a بندق ، وائل أنور , _eauthor _932055 |
|
| 245 | 0 | 0 | _aقانون التجارة الإلكترونية ( قواعد الأونسيترال ودليلها التشريعي ) |
| 250 | _aط1 | ||
| 264 | 3 | 1 | _aالاسكندرية : مكتبة الوفاء القانونية ، 2009 |
| 300 | _a125ص | ||
| 336 |
_atext _btxt _2rdacontent |
||
| 337 |
_aunmediated _bn _2rdamedia |
||
| 338 |
_avolume _bnc _2rdacarrier |
||
| 490 | 0 | _aكراسات تشريعية | |
| 650 | 4 |
_aالتجارة الإلكترونية -- قوانين و تشريعات. _932056 |
|
| 999 |
_aA12896 _c16464 _d16464 |
||